000 01318nam a2200349 i 4500
001 24329
003 Mx-PuUPA
005 20250616093439.0
008 140415s2015 ag gr 001 0 spa d
020 _a9789875746978
040 _cMx-PuUPA
_aMx-PuUPA
_bspa
_dMx-PuUPA
_erda
041 1 _aspa
_hund
100 1 _aCarr, David,
_d1940-
_eautor
_917189
240 1 0 _aTime, narrative and history.
_lEspañol
245 1 0 _aTiempo, narrativa e historia /
_cDavid Carr; traducción, Juan Pablo Pardías ; nota preliminar de Verónica Tozzi
264 1 _aBuenos Aires, Argentina :
_bPrometeo Libros,
_c©2015
300 _a199 páginas ;
_c24 cm
336 _2rdacontent
_atexto
_btxt
337 _2rdamedia
_asin medio
_bn
338 _2rdacarrier
_avolumen
_bnc
490 0 _aColección Historia y Teoría
650 7 _2armarc
_aTiempo
650 7 _2armarc
_aNarración (Retórica)
650 7 _2armarc
_aHistoria
_xFilosofía
700 1 _aPardías, Juan Pablo,
_etraductor
700 1 _aTozzi, Verónica,
_eautor de nota preliminar
765 1 _aCarr, David
_tTime, Narrative and History
_dIndiana University Press, 1986
942 _2ddc
_cLI
_h901
_iC2518
999 _c24329
_d24329